000 00351nam a2200133Ia 4500
008 240624s9999 xx 000 0 und d
041 _aeng
082 _a658.4092 BEN
100 _aBENNIS WARREN G
245 _aGEEKS AND GEEZERS HOW ERA VALUES AND DEF
260 _c2002
_aBoston
_bHarvard Business Press Books
300 _a256 : p.
365 _c
_b25
999 _c22398
_d22398